A. WESLEY POWELL LEARNING RESOURCE CENTRE (WPLRC)

Wonderful Place to Learn, Research & Collaborate

`The Professor (Record no. 4258)

MARC details
000 -LEADER
fixed length control field 00420nam a22001817a 4500
001 - ACCESSION NUMBER
control field 4785
003 - CONTROL NUMBER IDENTIFIER
control field OSt
005 - DATE AND TIME OF LATEST TRANSACTION
control field 20150804151050.0
008 - FIXED-LENGTH DATA ELEMENTS--GENERAL INFORMATION
fixed length control field 150804b xxu||||| |||| 00| 0 eng d
020 ## - INTERNATIONAL STANDARD BOOK NUMBER
International Standard Book Number 000000
040 ## - CATALOGING SOURCE
Transcribing agency ddc
082 ## - DEWEY DECIMAL CLASSIFICATION NUMBER
Classification number R/l 822.0972 (4785)
100 ## - MAIN ENTRY--PERSONAL NAME
Fuller form of name Sealy, Grifford
245 ## - TITLE STATEMENT
Title `The Professor
260 ## - PUBLICATION, DISTRIBUTION, ETC. (IMPRINT)
Place of publication, distribution, etc. Extra-Mural Department
Name of publisher, distributor, etc. Trinidad
Date of publication, distribution, etc. 1966
300 ## - PHYSICAL DESCRIPTION
Extent 28 p, :
Dimensions 21 cm
942 ## - ADDED ENTRY ELEMENTS (KOHA)
Source of classification or shelving scheme Dewey Decimal Classification
Koha item type Books
Holdings
Withdrawn status Lost status Source of classification or shelving scheme Damaged status Not for loan Home library Current library Date acquired Total Checkouts Full call number Barcode Date last seen Price effective from Koha item type
    Dewey Decimal Classification     Wesley Powell Learning Resource Centre Wesley Powell Learning Resource Centre 08/31/2018   R/l 822.0972 4785 08/31/2018 08/31/2018 Books